000
00310nam a22001457a 4500
008
210507b ||||| |||| 00| 0 eng d
020
_a
9780071346184
041
_a
eng
080
_a
004
082
_a
004
100
_a
28
101
_a
SHKI
245
_a
SAP Script
_c
Michaelson Buchanan
942
_2
udc
_c
BK
999
_c
57095
_d
57095